Mario Enemies - Sudden Death - Statistics

General Stats
  • This quiz has been taken 31,677 times
  • The average score is 11 of 20
Answers on the Grid
Answers color-coded by a green-red scale on the quiz's grid according to % correct below.
Ankon
Blooper
Bob-omb
Boo
Boom Boom
Bowser
Britches
Bullet Bill
Bullseye
Buzzer
Buzzy Beetle
Chain Chomp
Cheep-Cheep
Derpy Duck
Dry Bones
Flareon
Ganon
Goomba
Gorilla Pirate
Hammer Brothers
Koopa Troopa
Kraid
Kremling
Lakitu
Moblin
Muncher
Octorok
Piranha Plant
Shy Guy
Sidehopper
Slime
Snapagator
Spike
Spiny
Thwomp
Turtloid
 
Answer Stats
Answer % Correct
Bowser
90%
Koopa Troopa
78%
Boo
75%
Goomba
75%
Bob-omb
69%
Bullet Bill
69%
Piranha Plant
69%
Dry Bones
68%
Chain Chomp
66%
Shy Guy
65%
Thwomp
57%
Cheep-Cheep
52%
Lakitu
52%
Hammer Brothers
51%
Spike
46%
Blooper
44%
Boom Boom
36%
Spiny
32%
Buzzy Beetle
27%
Muncher
21%
No matching quizzes found
Score Distribution
Percent of People with Each Score
Percentile by Number Answered
Your Score History
You have not taken this quiz